<?xml version="1.0" encoding="UTF-8"?><?xml-stylesheet type="text/xsl" href="static/style.xsl"?><OAI-PMH xmlns="http://www.openarchives.org/OAI/2.0/" xmlns:xsi="http://www.w3.org/2001/XMLSchema-instance" xsi:schemaLocation="http://www.openarchives.org/OAI/2.0/ http://www.openarchives.org/OAI/2.0/OAI-PMH.xsd"><responseDate>2026-04-17T03:28:52Z</responseDate><request verb="GetRecord" identifier="oai:www.recercat.cat:11351/8795" metadataPrefix="marc">https://recercat.cat/oai/request</request><GetRecord><record><header><identifier>oai:recercat.cat:11351/8795</identifier><datestamp>2025-10-24T10:31:35Z</datestamp><setSpec>com_2072_378070</setSpec><setSpec>com_2072_378040</setSpec><setSpec>col_2072_378092</setSpec></header><metadata><record xmlns="http://www.loc.gov/MARC21/slim" xmlns:dcterms="http://purl.org/dc/terms/" xmlns:xsi="http://www.w3.org/2001/XMLSchema-instance" xmlns:doc="http://www.lyncode.com/xoai" xsi:schemaLocation="http://www.loc.gov/MARC21/slim http://www.loc.gov/standards/marcxml/schema/MARC21slim.xsd">
   <leader>00925njm 22002777a 4500</leader>
   <datafield ind2=" " ind1=" " tag="042">
      <subfield code="a">dc</subfield>
   </datafield>
   <datafield ind2=" " ind1=" " tag="720">
      <subfield code="a">Sastre, Sergi</subfield>
      <subfield code="e">author</subfield>
   </datafield>
   <datafield ind2=" " ind1=" " tag="720">
      <subfield code="a">Jornet-Gibert, Montsant</subfield>
      <subfield code="e">author</subfield>
   </datafield>
   <datafield ind2=" " ind1=" " tag="720">
      <subfield code="a">Yela-Verdú, Christian</subfield>
      <subfield code="e">author</subfield>
   </datafield>
   <datafield ind2=" " ind1=" " tag="720">
      <subfield code="a">Balaguer-Castro, Mariano</subfield>
      <subfield code="e">author</subfield>
   </datafield>
   <datafield ind2=" " ind1=" " tag="720">
      <subfield code="a">Miguela, Silvia M</subfield>
      <subfield code="e">author</subfield>
   </datafield>
   <datafield ind2=" " ind1=" " tag="720">
      <subfield code="a">Portas Torres, Irene</subfield>
      <subfield code="e">author</subfield>
   </datafield>
   <datafield ind2=" " ind1=" " tag="260">
      <subfield code="c">2023-01-10T08:24:55Z</subfield>
   </datafield>
   <datafield ind2=" " ind1=" " tag="260">
      <subfield code="c">2023-01-10T08:24:55Z</subfield>
   </datafield>
   <datafield ind2=" " ind1=" " tag="260">
      <subfield code="c">2022-01</subfield>
   </datafield>
   <datafield ind2=" " ind1=" " tag="520">
      <subfield code="a">Elective surgery; COVID-19 pandemic</subfield>
   </datafield>
   <datafield ind2=" " ind1=" " tag="520">
      <subfield code="a">Cirugía electiva; Pandemia de COVID-19</subfield>
   </datafield>
   <datafield ind2=" " ind1=" " tag="520">
      <subfield code="a">Cirurgia electiva; Pandèmia de COVID-19</subfield>
   </datafield>
   <datafield ind2=" " ind1=" " tag="520">
      <subfield code="a">Objective: The aim of this study was to describe the evolution of patients admitted for elective orthopaedic surgery during the immediate post-COVID-19 peak of the pandemic.&#xd;
Methods: This is a multi-center, observational study conducted in 8 high complexity hospitals of Catalonia, one of the highest COVID-19 incidence areas in Spain. We included patients ≥18 years of age undergoing elective surgery (total knee or hip arthroplasty, knee or hip revision arthroplasty, shoulder or knee arthroscopy, hand or wrist surgery, forefoot surgery, or hardware removal) after the COVID-19 peak (between May 5th and June 30th, 2020). The main exclusion criterion was a positive result for SARS-CoV-2 PCR within the 7 days before the surgery. The primary outcomes were postoperative complications within 60 days (+/-30) or hospital readmission due to a COVID-19 infection. Following the recommendations of the International Consensus Group (ICM), elective surgeries were re-started when the nationwide lockdown was lifted. Before the surgery, patients were contacted by phone to rule out any exposure to confirmed COVID-19 cases, a reverse transcription-polymerase chain reaction (PCR) assay was performed in all patients 48-72 hours before hospital admission, and they were asked to maintain home confinement until the day of the surgery.&#xd;
Results: 675 patients were included: 189 patients in the arthroplasty group (28%) and 486 in the ambulatory surgery group (72%). Mean [SD] age was 57.6 [15.3] years. The mean Charlson Comorbidity Index score was 2.21 (SD = 2.01, Min = 0, Max = 13). A total of 84 patients (12.75%) obtained an American Society of Anesthesiologists (ASA) score ≥ 3, showing no association between the ASA score and the risk of developing COVID-19 symptoms at follow-up (χ 2 (4) = 0.77, P = 0.94). The mean occupation rate of hospital beds for COVID-19 patients was 13% and the mean occupation rate of critical care beds for COVID-19 patients was 27% at the time of re-introducing elective surgeries. These were important rates to consider to decide when to reintroduce elective surgeries after lockdown. Surgical time, time of ischemia and intra-operative bleeding were not related with a higher risk of developing COVID-19 post-operatively (χ 2 (1) = 0.00, P = 0.98); (χ 2 (2) = 2.05, P = 0.36); (χ 2 (2) = 0.37, P = 0.83). Only 2 patients (0.3 %) presented with a suspected COVID-19 infection at follow-up. None of them presented with pneumonia or required confirmation by a reverse transcription PCR assay. Hospital re-admission was not needed for these patients.&#xd;
Conclusion: The risk of developing COVID-19 during the immediate post-COVID-19 peak in a region with a high incidence of COVID-19 has not been proved. These data suggest that elective orthopaedic surgeries can be resumed when assertive and strict protocols are followed.</subfield>
   </datafield>
   <datafield ind1="8" ind2=" " tag="024">
      <subfield code="a">http://hdl.handle.net/11351/8795</subfield>
   </datafield>
   <datafield tag="653" ind2=" " ind1=" ">
      <subfield code="a">Cirurgia ortopèdica</subfield>
   </datafield>
   <datafield tag="653" ind2=" " ind1=" ">
      <subfield code="a">COVID-19 (Malaltia)</subfield>
   </datafield>
   <datafield tag="653" ind2=" " ind1=" ">
      <subfield code="a">DISCIPLINES AND OCCUPATIONS::Health Occupations::Medicine::Specialties, Surgical::Orthopedics</subfield>
   </datafield>
   <datafield tag="653" ind2=" " ind1=" ">
      <subfield code="a">DISEASES::Virus Diseases::RNA Virus Infections::Nidovirales Infections::Coronaviridae Infections::Coronavirus Infections</subfield>
   </datafield>
   <datafield tag="653" ind2=" " ind1=" ">
      <subfield code="a">DISCIPLINAS Y OCUPACIONES::profesiones sanitarias::medicina::especialidades quirúrgicas::ortopedia</subfield>
   </datafield>
   <datafield tag="653" ind2=" " ind1=" ">
      <subfield code="a">ENFERMEDADES::virosis::infecciones por virus ARN::infecciones por Nidovirales::infecciones por Coronaviridae::infecciones por Coronavirus</subfield>
   </datafield>
   <datafield ind2="0" ind1="0" tag="245">
      <subfield code="a">Is elective surgery during the COVID-19 pandemic safe? A multi-center prospective study in a high incidence area</subfield>
   </datafield>
</record></metadata></record></GetRecord></OAI-PMH>